Datum a čas kvízu
29.5
Celkem bodů
Celkový počet nahraných bodů na tomto kvízu bez doplňovacích otázek.
10.
Pořadí na kvízu
Konečné umístění týmu na tomto kvízu.
Zaznamenané odpovědi
| # | Otázka | Odpověď | Body | Výsledky |
|---|---|---|---|---|
| 1. | V masce kterého zvířete naruši... | gorily | 0 | |
| 2. | Malajsie a Indonésie se jako p... | Grok | 0 | |
| 3. | Minulý týden bylo oznámeno jmé... | o Hanse Zimmera | 1 | |
| 4. | První vydání jistého komiksu b... | Superman | 0 | |
| 5. | Stáj formule 1 Red Bull minulý... | Martin Šonka | 1 | |
| 6. | Vaším úkolem v tématu bude odh... | červená, žlutá | 1 | |
| 7. | Teď se podíváme na domácí fotb... | tři | 1 | |
| 8. | Pojďme na hokej. Olomoucký koh... | červenou | 1 | |
| 9. | Na základě zobrazených barev l... | Los Angeles Lakers | 0 | |
| 10. | Které americké město oslavuje... | Pittsburgh | 0 |